|
|
|
|
| LEADER |
00000cam a2200000 7i4500 |
| 001 |
0000046468 |
| 005 |
20150330.0 |
| 008 |
150330 |
| 090 |
0 |
0 |
|a CD 0195
|
| 110 |
1 |
|
|a Perbadanan Perpustakaan Awam Perak
|
| 245 |
0 |
0 |
|a Menara Jam :
|b Negeri Perak Darul Ridzuan [Cakerapadat]
|
| 260 |
|
|
|a Perak :
|b Perbadanan Perpustakaan Awam Perak
|
| 300 |
|
|
|a 1 cakera video ;
|c 4 3/4in.
|
| 650 |
|
0 |
|a History
|z Perak
|
| 650 |
|
0 |
|a Place
|z Perak
|x Menara Jam
|
| 710 |
1 |
|
|a Digital Dreamstate Multimedia Studio
|
| 710 |
1 |
|
|a Perpustakaan Negara Malaysia
|
| 999 |
|
|
|a 0001349233
|b Laser CD
|c Audiovisual
|e Perbadanan Perpustakaan Awam Johor
|